CAMAC Tutorial Articles (Computer Automated Measurement and Control) (Record no. 6730)

MARC details
000 -LEADER
fixed length control field 00564nam a2200145Ia 4500
003 - CONTROL NUMBER IDENTIFIER
control field IN-BaIIA
008 - FIXED-LENGTH DATA ELEMENTS--GENERAL INFORMATION
fixed length control field 211028s9999 xx 000 0 eng d
040 ## - CATALOGING SOURCE
Transcribing agency IIA Library
110 ## - MAIN ENTRY--CORPORATE NAME
Corporate name or jurisdiction name as entry element United States Energy Research and Development Administration
9 (RLIN) 11540
245 #0 - TITLE STATEMENT
Title CAMAC Tutorial Articles (Computer Automated Measurement and Control)
Statement of responsibility, etc. Energy Research and Development Administration
260 ## - PUBLICATION, DISTRIBUTION, ETC.
Place of publication, distribution, etc. Washington
Name of publisher, distributor, etc. National Aeronautics and Space Administration
Date of publication, distribution, etc. 1976
300 ## - PHYSICAL DESCRIPTION
Extent iii, 98p.
650 ## - SUBJECT ADDED ENTRY--TOPICAL TERM
Topical term or geographic name entry element Astronomy and Astrophysics Thesaurus
942 ## - ADDED ENTRY ELEMENTS (KOHA)
Koha item type Books
Holdings
Withdrawn status Lost status Damaged status Not for loan Home library Current library Shelving location Date acquired Total Checkouts Barcode Date last seen Price effective from Koha item type
        IIA Library-Bangalore IIA Library-Kavalur General Stacks 09/04/1981   7483 05/11/2021 09/04/1981 Books

Powered by Koha